| 000 | 01590cam a22002777a 4500 | ||
|---|---|---|---|
| 001 | 15740509 | ||
| 003 | DO-SdBNP | ||
| 005 | 20220427125017.0 | ||
| 008 | 090510s2007 dr abf b 001 0bspa d | ||
| 020 | _a9789945410327 | ||
| 040 |
_aBPMSU _c spa _d BPMSU _d _b |
||
| 082 | 0 | 0 |
_a923.209723 _bP419n 2007 _222 |
| 100 | 1 |
_aNúñez, Manuel, _d1957- |
|
| 245 | 1 | 0 |
_aPeña Batlle en la Era de Trujillo / _cManuel Núñez. |
| 260 |
_aSanto Domingo. : _bEditorial Letra Gráfica, _c2007. |
||
| 300 |
_a952 p. : _b ils ; retrs., láminas. ; _c24 cm. |
||
| 500 | _aIncluye datos biográficos del autor en la solapa de la cubierta | ||
| 504 | _a Bibliografía: p.897-923. | ||
| 505 | _aCronología -- Árbol genealógico de la familia Peña Batlle -- Árbol genealógico de la familia Peña Batlle -- Nota preliminar -- Primera parte: Los años de formación (1902-1930) -- Santo Domingo durante los años mozos de Peña Batlle -- Segunda parte: El nacimiento de una conciencia geopolítica -- Tercera parte: La Era de Trujillo -- Cuarta parte: Un cauteloso opositor de la dictadura -- Quinta parte: Peña Batlle en la Era de Trujillo -- Sexta parte: Peña Batlle ante el tribunal de la historia -- Referencias bibliográficas someras -- Referencias bibliográficas someras -- Índice onomástico. | ||
| 590 | _6Inventariado, 2022/VM | ||
| 600 | 1 | 4 |
_aPeña Batlle, Manuel Arturo. _d1902-1954 _xPensamiento político y social. |
| 600 | 1 | 4 |
_aTrujillo Molina, Rafael Leónidas, _d1891-1961. |
| 651 | 4 |
_aRepública Dominicana _xHistoria _y1930-1961. |
|
| 910 | _aVMateo V. | ||
| 942 |
_2ddc _cBK |
||
| 999 |
_c14165 _d14165 |
||